000 00674nam a2200217 a 4500
001 000008713
005 20200929161408.0
008 090918s1996 dr 001 0 spa d
040 _aDO-SdBNP
082 _aRD860.9
_bM386l
100 1 _aMartínez, Rufino
_d1893-
_923201
245 1 0 _aDe las letras dominicanas /
_cRufino Martínez.
260 _aSanto Domingo :
_bTaller,
_c1996.
300 _a202 p. ;
_c23 cm.
490 1 _aBiblioteca Taller
_v308
500 _aIncluye índice
500 _aIncluye datos biográficos y cronología del autor
650 4 _aLiteratura dominicana
_xHistoria y crítica
_9159
830 0 _aBiblioteca Taller
_n308
_923202
049 _aBNPD
999 _c8483
_d8483